00675nam a22002177a 450000500170000001000130001702000100003003500130004003700160005304000120006908200110008124501130009226000380020527000390024330000230028250000400030565000460034565000350039170000180042670000130044420170124110128.0 aA-728295 c95.00 aA-728295 bCen Lib/Ret aDPLbEN aSbIMA aImagining America short stories :cedited by Wesley Brown [and] Amy Lingban anthology of american fiction / aNew DelhibUBSPD Publishersc1991 a5, Ansari Road bNew Delhie110002 ax,184p. c22cm(Hb) aIncludes bibliographical reference  aShort stories -American -Minority Authors aNational Immigrataion- Fiction aBrown,Wesley  aAmy Ling